Black and white styles in conflict / (Record no. 16061)

000 -LEADER
fixed length control field 01113nam a2200277 a 4500
001 - CONTROL NUMBER
control field ASIN0226449556
005 - DATE AND TIME OF LATEST TRANSACTION
control field 20170105102931.0
008 - FIXED-LENGTH DATA ELEMENTS--GENERAL INFORMATION
fixed length control field 140410s1983 xxu eng d
020 ## - INTERNATIONAL STANDARD BOOK NUMBER
International Standard Book Number 0226449556 (paperback)
Terms of availability $12.50
020 ## - INTERNATIONAL STANDARD BOOK NUMBER
International Standard Book Number 9780226449555 (paperback)
040 ## - CATALOGING SOURCE
Original cataloging agency 0
050 04 - LIBRARY OF CONGRESS CALL NUMBER
Classification number E185.615
082 04 - DEWEY DECIMAL CLASSIFICATION NUMBER
Classification number 305.800973
Author Mark KOC 1983
100 1# - MAIN ENTRY--PERSONAL NAME
Personal name Kochman, Thomas.
245 10 - TITLE STATEMENT
Title Black and white styles in conflict /
Statement of responsibility, etc. Thomas Kochman.
250 ## - EDITION STATEMENT
Edition statement Reprint ed.
260 ## - PUBLICATION, DISTRIBUTION, ETC.
Place of publication, distribution, etc. [S.l.] :
Name of publisher, distributor, etc. University of Chicago Press,
Date of publication, distribution, etc. 1983.
300 ## - PHYSICAL DESCRIPTION
Extent 184 p. ;
Dimensions 22 cm.
520 ## - SUMMARY, ETC.
Summary, etc. "Goes a long way toward showing a lay audience the value, integrity, and aesthetic sensibility of black culture, and moreover the conflicts which arise when its values are treated as deviant version of majority ones."—Marjorie Harness Goodwin, American Ethnologist.
650 #0 - SUBJECT ADDED ENTRY--TOPICAL TERM
Topical term or geographic name entry element African Americans--Communication
650 #0 - SUBJECT ADDED ENTRY--TOPICAL TERM
Topical term or geographic name entry element Intercultural communication
650 #0 - SUBJECT ADDED ENTRY--TOPICAL TERM
Topical term or geographic name entry element Race relations
650 #0 - SUBJECT ADDED ENTRY--TOPICAL TERM
Topical term or geographic name entry element United States
856 40 - ELECTRONIC LOCATION AND ACCESS
Materials specified Amazon.com
Uniform Resource Identifier <a href="http://www.amazon.com/exec/obidos/ASIN/0226449556/chopaconline-20">http://www.amazon.com/exec/obidos/ASIN/0226449556/chopaconline-20</a>
942 ## - ADDED ENTRY ELEMENTS (KOHA)
Source of classification or shelving scheme
Koha item type Book
Holdings
Withdrawn status Lost status Damaged status Not for loan Collection code Permanent Location Current Location Shelving location Date acquired Total Checkouts Full call number Barcode Date last seen Price effective from Koha item type
          Centre for International Peace & Stability (CIPS) Centre for International Peace & Stability (CIPS) General Stacks 04/01/2014   305.800973 KOC 1983 CIPSD0000105 04/10/2014 04/10/2014 Book
© 2023 Central Library, National University of Sciences and Technology. All Rights Reserved.